000 00382nam a22001697a 4500
005 20160614104326.0
008 160614b xxu||||| |||| 00| 0 eng d
020 _a0-07-058975-5
041 _aeng
082 _b7338
100 _aBasye, Anne
_91843
245 _aBusiness letters ready to go
260 _bTMH
_c2004
300 _a183
650 _aManagement
_9241
942 _cBK
999 _c2593
_d2592